| Tag |
First Indicator |
Second Indicator |
Subfields |
| LEADER |
00000cam a2200000 i 4500 |
| 001 |
in00001127621 |
| 005 |
20150930081806.0 |
| 008 |
780303s19770400ilu tb 000 0 eng d |
| 035 |
|
|
|a (OCoLC)03687694
|
| 035 |
|
|
|9 AFX1459AM
|
| 040 |
|
|
|a HMG
|c HMG
|d TXA
|d UtOrBLW
|
| 049 |
|
|
|a TXAM
|
| 090 |
|
|
|a LB1050.6
|b .T42 no.41
|
| 100 |
1 |
|
|a Anderson, Richard C.
|q (Richard Chase),
|d 1934-
|
| 245 |
1 |
0 |
|a Recall of previously unrecallable information following a shift in perspective /
|c Richard C. Anderson and James W. Pichert.
|
| 264 |
|
1 |
|a Urbana :
|b University of Illinois at Urbana-Champaign ;
|a Cambridge, MA :
|b Bolt Beranek and Newman,
|c [1977]
|
| 300 |
|
|
|a 31 leaves ;
|c 28 cm.
|
| 336 |
|
|
|a text
|b txt
|2 rdacontent
|
| 337 |
|
|
|a unmediated
|b n
|2 rdamedia
|
| 338 |
|
|
|a volume
|b nc
|2 rdacarrier
|
| 490 |
1 |
|
|a Technical report ; no. 41
|
| 504 |
|
|
|a Bibliography: leaves 25-27.
|
| 500 |
|
|
|a "April 1977."
|
| 536 |
|
|
|a Supported in part by the National Instutute of Education.
|b MS-NIE-C-400-76-0116.
|c HEW-NIE-G-74-0007.
|
| 650 |
|
0 |
|a Recollection (Psychology)
|
| 650 |
|
0 |
|a Reading, Psychology of.
|
| 700 |
1 |
|
|a Pichert, James W.
|
| 830 |
|
0 |
|a Technical report (University of Illinois at Urbana-Champaign. Center for the Study of Reading) ;
|v no. 41.
|
| 999 |
|
|
|a MARS
|
| 999 |
f |
f |
|s ee6348c4-fed6-3182-9c09-d14eaed98557
|i 46d8eae3-cdc1-30de-a71b-5a5bdc516b0e
|t 0
|
| 952 |
f |
f |
|p normal
|a Texas A&M University
|b College Station
|c Sterling C. Evans Library
|d Evans: Library Stacks
|t 0
|e LB1050.6 .T42 no.41
|h Library of Congress classification
|i unmediated -- volume
|m A14817381749
|
| 998 |
f |
f |
|a LB1050.6 .T42 no.41
|t 0
|l Evans: Library Stacks
|